| 000 | 00993nam a2200277Ia 4500 | ||
|---|---|---|---|
| 003 | OSt | ||
| 005 | 20210520151951.0 | ||
| 008 | 210310s1965 mx gr 000 0 spa d | ||
| 040 |
_aCO-JMCR _cCO-JMCR |
||
| 041 | 1 |
_aspa _hrus |
|
| 082 | 0 | 4 |
_a335.412 / _bS759c _223 |
| 100 | 1 |
_aSpiridonova, _915633 _eautora |
|
| 245 | 1 | 0 |
_aCurso superior de economía política / _cSpiridonova, Atlas y otros ; traducción directa del ruso por Luis A. Vargas y Andrés Fierro Menu |
| 260 |
_aMéxico : _bEditorial Grijalbo, _c1965 |
||
| 300 |
_a2 volúmenes ; _c23 cm. |
||
| 490 | 0 | _a(Tratados y manuales Grijalbo) | |
| 500 | _aIncluye notas a pie de página. | ||
| 505 | 0 |
_gv.1. _tSociedades Presocialistas _gv.2. _tSociedades Socialistas |
|
| 650 | 1 | 4 |
_aComunismo _915635 |
| 650 | 2 | 4 |
_aEconomía Marxista _937729 |
| 650 | 2 | 4 |
_aCapitalismo _937730 |
| 650 | 2 | 4 |
_aSocialismo _937731 |
| 700 | 1 |
_aVargas, Luis A., _etraductor _937732 |
|
| 700 | 1 |
_aFierro Menu, Andrés, _etraductor _937733 |
|
| 942 |
_2ddc _cBK |
||
| 999 |
_c7853 _d7853 |
||